| 000 | 00597nam a2200193Ia 4500 | ||
|---|---|---|---|
| 005 | 20250813143139.0 | ||
| 008 | 191130s1999##################000#0#eng## | ||
| 020 |
_a9780747259510 _qpbk |
||
| 041 | _aeng | ||
| 082 | _a823.914 JEC | ||
| 100 | _aJecks, Michael | ||
| 245 |
_aThe leper's return _cMichael Jecks |
||
| 260 |
_aLondon _bHeadline _c1999 |
||
| 300 | _axii, 340 p. ; 18 cm | ||
| 650 | _aEngland -- Social conditions -- 1066-1485 -- Fiction | ||
| 650 | _aLeprosy -- Patients -- England -- Social conditions -- Fiction | ||
| 650 | _aWest County (England) -- Fiction | ||
| 942 | _cENGLISH | ||
| 999 |
_c56400 _d56400 |
||